00317nam a2200121Ia 4500008004100000040001600041041001200057082001700069100001700086245004500103260003100148300001600179230917s9999||||xx |||||||||||||| ||und|| e38675aMAIN aEnglish a658.15 K952C aKuchhal, S C 0aCorporation finance: principles problems aAllahabadbChaitanyac1982 axvi, 540 p.